000 00693nam a2200241 i 4500
003 DO-SdBNP
005 20250616102314.0
007 ta
008 110413s1965 dr 000 0 spa d
040 _aDO-SdBNP
_bspa
_cBNPHU
_erda
082 _axxx
_bR618
_222
100 _aRivas, Ubi
_958031
245 1 0 _aAgresión /
_cUbi Rivas
264 1 _aSanto Domingo :
_b[Editor no identificado],
_c[1965].
300 _a31 páginas
_c21 cm.
336 _atexto
_btxt
_2rdacontent
337 _asin mediación
_bn
_2rdamedia
338 _avolumen
_bnc
_2rdacarrier
500 _aLa biblioteca posee una copia del 1965.
590 _aInventariado, 2023/ YL
910 _aYLockward
942 _2ddc
_cLF2
999 _c54526
_d54526